000 00979nam a22002417a 4500
003 OSt
005 20260122200235.0
008 230522b ||||| |||| 00| 0 eng d
040 _aSSBUL
_cSSBUL
041 _ashan
082 _a808.4
245 _aၶၢဝ်းတၢင်းသီႇႁူဝ်ႇမၢႆ-14။
_cၸဝ်ႈၽေႃၵၸႃရ တႃႈၵုင်ႈ ၶပ်းၶိုင်-
260 _aတႃႈၵုင်ႈ
_bၵတ်း
_c2013
300 _aIII၊ 353 ၼႃႈ
_bၶႅပ်းႁၢင်ႈ (သီ)၊ လွၵ်း
_c21 ၸိၼ်ႇထီႇ
500 _aS-SAT: Dr. Prof Sai Aung Tun
500 _aပပ်ႉၸဝ်ႈတႃႇၼႁင်းၶေႃ တွၵ်ႉတိူဝ်ႇၸၢႆးဢွင်ႇထုၼ်း
504 _aပႃးၽိုၼ်ဢိင်
650 _aလိၵ်ႈႁွမ်တွမ်
_920801
942 _cBK1
942 _2ddc
942 _2ddc
942 _2ddc
999 _c24659
_d24659